000 00245nam a2200109Ia 4500
005 20251222153644.0
008 251222s9999||||xx |||||||||||||| ||spa||
082 _a840/M27
100 _a"Massian, Michel"
245 0 _aTenemos coche
942 _cLIB
999 _c32836
_d32836